| 000 | 00380nam a2200145 a 4500 | ||
|---|---|---|---|
| 001 | 1505 | ||
| 003 | CDMR | ||
| 005 | 20130116135211.0 | ||
| 008 | 130130s1963||||||||||||||||||||||||||||d | ||
| 040 |
_aCDMR _bcat _cCDMR |
||
| 100 | 1 |
_aMousnier, Roland _91137 |
|
| 245 | 1 | 0 |
_aHistoria general de las civilizaciones _bVol. V. El siglo XVIII |
| 260 |
_aBarcelona _c1963 _bDestino |
||
| 942 | _cMON | ||
| 999 |
_c1505 _d1505 |
||